| 000 | 00613nam a22001937a 4500 | ||
|---|---|---|---|
| 005 | 20251108173128.0 | ||
| 008 | 250721s2005 xx 000 0 ara d | ||
| 082 | 1 | 4 | _a613.2/كيل |
| 100 | 1 |
_aكيلي، كريستين _eمؤلف |
|
| 245 | 1 | 0 | _a100 وسيلة طبيعية للتزويد بالطاقة و الحيوية / |
| 264 | 1 |
_aبيروت : _bالمكتبة الحديثة للطباعة و النشر، _c2005. |
|
| 300 | _a80ص. | ||
| 650 | 1 | 7 | _aالأغذية |
| 650 | 1 | 7 | _aالطاقة |
| 650 | 1 | 7 | _aاللياقة البدنية |
| 650 | 1 | 7 | _aالصحة |
| 942 |
_2ddc _cBK |
||
| 999 |
_c96727 _d96727 |
||